Tradičný prístup k analýze tržieb na vybranom podniku

Uplatnenie tradičného prístupu analýzy tržieb v podniku a aplikácia v praxi. Úloha analýzy ziskovosti v podnikaní.

Salvato in:
Dettagli Bibliografici
Autore principale: Kudlová, Zuzana, 1986-
Altri autori: Vajdová, Jana, 1983-, Kempa, Filip
Natura: Capitolo di libro
Lingua:slovacco
Soggetti:
Tags: Aggiungi Tag
Nessun Tag, puoi essere il primo ad aggiungerne!!

MARC

LEADER 00000naa$a2200000$$$4500
001 0281254
005 20240502074355.4
041 0 |a slo 
044 |a SK 
245 1 0 |a Tradičný prístup k analýze tržieb na vybranom podniku  |c Zuzana Kudlová, Jana Vajdová, Filip Kempa 
520 |a Uplatnenie tradičného prístupu analýzy tržieb v podniku a aplikácia v praxi. Úloha analýzy ziskovosti v podnikaní. 
610 2 0 |a výroba 
610 2 0 |a tržby 
610 2 0 |a ceny predajné 
610 2 0 |a sortiment 
610 2 0 |a analýzy 
100 1 |a Kudlová, Zuzana, 1986- 
700 1 |a Vajdová, Jana, 1983- 
700 1 |a Kempa, Filip